<?xml version="1.0" encoding="UTF-8"?>
<marc:record xmlns:marc="http://www.loc.gov/MARC21/slim">
   <marc:leader>00000nam a2200000 a 4500</marc:leader>
   <marc:datafield ind1="1" ind2=" " tag="100">
      <marc:subfield code="a">Thiemeyer, Thomas</marc:subfield>
      <marc:subfield code="4">aut</marc:subfield>
      <marc:subfield code="e">Verfasser/-in</marc:subfield>
   </marc:datafield>
   <marc:datafield ind1="0" ind2="0" tag="245">
      <marc:subfield code="a">Zefira II - Die Rückkehr des Omni</marc:subfield>
   </marc:datafield>
   <marc:datafield ind1="0" ind2="0" tag="245">
      <marc:subfield code="c">Thiemeyer, Thomas</marc:subfield>
   </marc:datafield>
   <marc:datafield ind1=" " ind2="1" tag="264">
      <marc:subfield code="c">2024</marc:subfield>
   </marc:datafield>
   <marc:datafield ind1="1" ind2=" " tag="490">
      <marc:subfield code="a">Zefira</marc:subfield>
      <marc:subfield code="v">2</marc:subfield>
   </marc:datafield>
   <marc:datafield ind1=" " ind2=" " tag="250">
      <marc:subfield code="a">1. Auflage</marc:subfield>
   </marc:datafield>
   <marc:datafield ind1="1" ind2=" " tag="520">
      <marc:subfield code="a">Zwei Schwestern. Dunkle Ereignisse. Eine alles bedrohende Macht. In der Fortsetzung von "Zefira - Es hätte sie nie geben dürfen", begleiten wir Essenslieferantin Maddie bei ihrem nächsten, noch gefährlicheren Abenteuer. Die Stadt Neo-Hongkong sieht sich einer Bedrohung ausgesetzt, bei der selbst die hartgesottenen Unterweltbosse kalte Füße bekommen. Alles scheint mit der Wiedererweckung von Maddies Schwester Zefira zu tun zu haben, die inzwischen einen eigenen Körper erhalten hat. Ab diesem Zeitpunkt laufen die Dinge aus dem Ruder. An der Seite ihrer Freunde Jared, Dante und Stanley taumelt Maddie von einem haarsträubenden Abenteuer ins Nächste, ohne zu wissen, dass ihr am Ende der finale Kampf gegen das allmächtige Omni bevorsteht. Ein bildgewaltiges Near-Future-Abenteuer von Bestsellerautor Thomas Thiemeyer im Stile beliebter Manga- und Anime-Serien.</marc:subfield>
   </marc:datafield>
   <marc:datafield ind1=" " ind2=" " tag="020">
      <marc:subfield code="a">9783948093495</marc:subfield>
      <marc:subfield code="9">9783948093495</marc:subfield>
   </marc:datafield>
   <marc:datafield ind1=" " ind2=" " tag="041">
      <marc:subfield code="a">ger</marc:subfield>
   </marc:datafield>
   <marc:datafield ind1="0" ind2=" " tag="490">
      <marc:subfield code="v">2</marc:subfield>
   </marc:datafield>
   <marc:datafield ind1=" " ind2=" " tag="300">
      <marc:subfield code="a">368 Seiten</marc:subfield>
   </marc:datafield>
</marc:record>
